03458nam a2200541Ia 45000010005000000080041000050100009000460410014000550820023000692450173000922600018002653000007002835200007002906300022002976300028003196300027003476500027003746900014004017000027004157000039004427000043004819010091005249020006006159030035006219040018006569050027006749060006007019070014007079080014007219090051007359100015007869110010008019120014008119130009008259140024008349150009008589160009008679170009008769180014008859190024008995201934009239210007028579220007028649230006028719240014028779420010028919990015029013911241029s9999 xx 000 0 und d a3670 aEspañol aMA-TE 0003 FH 2009 0aNivel de Integración de la Tecnología al Proceso Educativo en los Liceos Nocturnos del Distrito Educativo 10-06, Santo Domingo Este, para el Año Escolar 2008-2009 aSanto Domingo a82 a12 aProceso Educativo aRecursos Tecnológicos aTecnología Educativa aTecnología Educativa aElaborado easesoraMichel, Daniel eautoraHernández Payano, Odalys eautoraEncarnación Tejeda , Behsaida a{"1":"Hernández Payano","2":"Encarnación Tejeda "}b{"1":" Odalys","2":"Behsaida"} a1 a{"1":"Michel"}b{"1":"Daniel"} aMaestría en aTecnología Educativa a2 aNO APLICA aNO APLICA aUniversidad Autónoma de Santo Domingo (UASD) aNULLbNULL a["1"] aNO APLICA aNULL a06 de Julio de 2009 aNULL aNULL aNULL aNO APLICA a["165","218","191"] aEl objetivo principal de esta investigación consistió en determinar el nivel de integración de los recursos tecnológicos, en el proceso educativo en los liceos nocturnos del Distrito Educativo 10-06, Santo Domingo Este, para el Año Escolar 2008-2009, a la vez establecer el nivel de capacitación que tienen los profesores para el manejo de los recursos tecnológicos.Esta investigación utilizó un diseño descriptivo, combinado con la investigación documental y de campo, utilizando los métodos: deductivo, sintético, analítico y el procedimiento de comprobación. Como instrumento y técnicas se empleó dos cuestionarios, análisis bibliográfico, análisis de documentos y la observación directa. El universo objeto de estudio fue de 2,740 y se tomo una muestra de 337 estudiantes, 92 profesores pertenecientes a los liceos nocturnos del Distrito Educativo 10-06, de Santo Domingo Este, durante el Año Escolar 2008-2009.El estudio concluye que en sentido general el nivel de integración de los recursos tecnológicos en el proceso educativo en los liceos nocturnos del Distrito 10-06, Santo Domingo Este, para el Año Escolar 2008-2009, fue muy bajo ya que los docentes consideraron que los centros objeto de estudio, no cuentan con un sistema de organización y administración de los recursos tecnológicos adecuados, no contando con centros de recursos tecnológicos al servicio de los docentes, lo que no permite la implementación de los mismos en los salones de clase.El estudio recomienda a la SEE, dotar de los recursos tecnológicos en cantidad y calidad adecuada para el buen desempeño de los procesos educacionales, que se desarrollan en los centros de educación media del distrito educativo 10-06.Establecer un sistema de organización de los recursos con que cuenta y promover la utilización adecuada de los mismos, por parte de los docentes y los estudiantes. a16 a16 a0 aNO APLICA cTesis c3670d3670